| 000 | 00539nam 22001813 4500 | ||
|---|---|---|---|
| 001 | 199839 | ||
| 021 |
_aPT _b10051/85 |
||
| 090 | _a199839 | ||
| 100 | _a20260112d u||y0pory50 ba | ||
| 200 |
_aNoções fundamentais de cálculo financeiro _fL. Santos Fernandes |
||
| 210 |
_a[Lisboa] _cImprensa Nacional-Casa da Moeda _d1985 |
||
| 215 |
_a123, [5] p. _cbrochado _d23 cm |
||
| 606 |
_93573 _aContabilidade |
||
| 675 |
_a657 _vPT _zpor |
||
| 700 |
_915661 _aFernandes _bLuis Santos _f19??-2013 |
||
| 801 |
_aPT _bBMMN _gRPC |
||
| 830 | _cVanda | ||
| 990 | _cLIVROS | ||